000 00410nam a2200145Ia 4500
008 230917s9999||||xx |||||||||||||| ||und||
040 _e195152
_aMAIN
041 _aEnglish
082 _a621.3022 B469P
100 _aBhattacharya, S K
245 0 _aProjects in electrical, electronics, instrumentation and computer engineering
260 _aNew Delhi
_bS Chand
_c2009
300 _axii, 430 p.
942 _cBK
999 _c157399
_d157399